000 00429nam a2200169Ia 4500
008 131103s9999 xx 000 0 und d
040 _aLoreto College
041 _aEnglish
082 _aF/NIL
_bLCLIB/19666
100 _aNiland,D'Arcy
245 4 _aThe Shiralee
_cD'Arcy Niland
260 _aLondon
_bAngus & Robertson
_c1955
300 _a224 p.
_c 20 cm.
650 _aFiction in English
850 _aLCLIB
942 _cBK
999 _c16945
_d67424